000 00973cab a2200265 4500
001 ABS54718
008 090401t1996 xxu||||| |||| 00| 0 eng d
035 _a(Sirsi) u11949
041 _aeng
100 _aSchofield, J.A.
245 _aInflation hedging and UK commercial property
260 _c1996
350 _a0
490 _aJournal of Property Finance
_v7(1) 1996, 99-117(10)
520 _aSuggests that recent attempts to measure the inflation-hedging characteristics of commercial property use an inappropriate methodology. As a result the conclusions of much of this body of work are of dubious value. References. (Journal abstract)
650 _aPROPERTY-COMMERCIAL PROPERTY
650 _aDISCOUNTED CASH FLOW VALUATION
650 _aDISCOUNTED CASH FLOW VALUATION
650 _aHEDGING METHODS
650 _aINDEX-LINKED GILTS
650 _aINFLATION
690 _aPROPERTY-PROPERTY FINANCE AND INVESTMENT
942 _n0
948 _c04/03/1997
999 _c7640
_d7640